The great demographic illusion : majority, minority, and the expanding American mainstream /

Bibliographic Details
Main Author: Alba, Richard D. (Author)
Corporate Author: EBSCOhost
Format: eBook
Language:English
Published: Princeton, New Jersey : Princeton University Press, [2020]
Subjects:
Online Access:Connect to the full text of this electronic book

MARC

Tag First Indicator Second Indicator Subfields
LEADER 00000cam a2200000 i 4500
001 in00004349921
006 m o d
007 cr |||||||||||
008 200320s2020 njua ob 001 0 eng
005 20250816190835.4
010 |a  2020012703 
020 |a 9780691202112  |q electronic book 
020 |a 0691202117  |q electronic book 
020 |z 9780691201634  |q hardcover  |q alkaline paper 
020 |z 9780691206219  |q paperback 
024 8 |a 99985127101 
035 |a (DLC)EBSCO2388199 
040 |a NhCcYBP  |c NhCcYBP  |d UtOrBLW 
042 |a pcc 
043 |a n-us--- 
050 4 |a E184.A1  |b A453 2020 
082 0 0 |a 305.800973  |2 23 
100 1 |a Alba, Richard D.,  |e author.  |0 http://id.loc.gov/authorities/names/n80151834 
245 1 4 |a The great demographic illusion :  |b majority, minority, and the expanding American mainstream /  |c Richard Alba. 
264 1 |a Princeton, New Jersey :  |b Princeton University Press,  |c [2020] 
300 |a 1 online resource. 
336 |a text  |b txt  |2 rdacontent 
337 |a computer  |b c  |2 rdamedia 
338 |a online resource  |b cr  |2 rdacarrier 
504 |a Includes bibliographical references and index. 
588 |a Description based on online resource; title from digital title page (viewed on July 06, 2020). 
500 |a Electronic resource. 
650 0 |a Ethnic groups  |z United States.  |0 http://id.loc.gov/authorities/subjects/sh2008120116 
650 0 |a Racially mixed people  |z United States.  |0 http://id.loc.gov/authorities/subjects/sh94000806 
650 0 |a Minorities  |z United States.  |0 http://id.loc.gov/authorities/subjects/sh85085816 
650 0 |a Majorities.  |0 http://id.loc.gov/authorities/subjects/sh85079982 
651 0 |a United States  |x Population  |x History  |y 21st century. 
648 7 |a 2000-2099  |2 fast 
655 7 |a Electronic books.  |2 local 
710 2 |a EBSCOhost. 
776 1 8 |i Print version:  |a Alba, Richard D..  |t The great demographic illusion  |d Princeton : Princeton University Press, [2020]  |z 9780691201634  |w (DLC) 2020012702 
856 4 0 |u http://proxy.library.tamu.edu/login?url=http://search.ebscohost.com/login.aspx?direct=true&scope=site&db=nlebk&db=nlabk&AN=2388199  |z Connect to the full text of this electronic book  |t 0 
955 |a YBP purchased firm e-records 
980 |b 56.25  |g 1 
987 |a ybp16713691 
999 f f |s 6f5abf34-b72c-381f-9d3e-a7657106cf73  |i 96dde10c-7081-30ea-8ae6-b08c5d9b5b28  |t 0 
952 f f |a Texas A&M University  |b College Station  |c Electronic Resources  |d Available Online  |t 0  |e E184.A1 A453 2020  |h Library of Congress classification 
998 f f |a E184.A1 A453 2020  |t 0  |l Available Online